000 00690nam a2200181Ia 4500
008 090123s9999 xx 000 0 und d
082 _b36604
100 _aमहाजन सुलक्षणा
245 _aअर्थसृष्टी :भाव आणि स्वभाव
250 _a1
260 _bग्रंथाली प्रकाशन
_c2004
300 _a216
600 _aमहाजन सुलक्षणा
630 _aअर्थसृष्टी :भाव आणि स्वभाव
700 _aमहाजन सुलक्षणा
730 _aअर्थसृष्टी :भाव आणि स्वभाव
942 _cBOOK
999 _c74672
_d74672